Supply Chain Logistics Management 5/e

Saved in:
Bibliographic Details
Main Author: Bowersox
Format: Book
Published: MGH
Tags: Add Tag
No Tags, Be the first to tag this record!

MARC

LEADER 00000nam a2200000Ia 4500
005 20260513122054.0
020 |a 9789355327215 
100 |a Bowersox 
365 |c Rs. 
365 |b 25.00 
942 |c BK 
245 |a Supply Chain Logistics Management 5/e 
260 |b MGH 
999 |c 119  |d 119 
952 |0 0  |1 0  |4 0  |7 0  |a UNSW  |b UNSW  |d 2026-05-06  |g 825.00  |i 16684  |l 0  |p 000118  |r 2026-05-13 12:20:54  |v 825.00  |w 2026-05-13  |y BK